000 00294nam a22001337a 4500
008 170609b xxu||||| |||| 00| 0 eng d
020 _a9780321100160
041 _aeng
080 _a327
100 _a19
101 _aSHP
245 _aAMERICA'S NEW DEMOCRACY
_cFIORINA,M.P
942 _2udc
_cBK
999 _c16654
_d16654